FACILITY LAYOUT AND LOCATION (Record no. 5200)

MARC details
000 -LEADER
fixed length control field 00378nam a22001577a 4500
005 - DATE AND TIME OF LATEST TRANSACTION
control field 20160905132109.0
008 - FIXED-LENGTH DATA ELEMENTS--GENERAL INFORMATION
fixed length control field 160905b xxu||||| |||| 00| 0 eng d
020 ## - INTERNATIONAL STANDARD BOOK NUMBER
ISBN 978-93-325-5178-7
041 ## - LANGUAGE CODE
Language code of text/sound track or separate title eng
100 ## - MAIN ENTRY--AUTHOR NAME
Personal name FRANCIS,RICHARD L
245 ## - TITLE STATEMENT
Title FACILITY LAYOUT AND LOCATION
260 ## - PUBLICATION, DISTRIBUTION, ETC. (IMPRINT)
Name of publisher PEARSON
Year of publication 2015
300 ## - PHYSICAL DESCRIPTION
Number of Pages 577
650 ## - SUBJECT ADDED ENTRY--TOPICAL TERM
Topical Term INFORMATION
942 ## - ADDED ENTRY ELEMENTS (KOHA)
Koha item type Books
Holdings
Lost status Damaged status Collection code Home library Current library Shelving location Date acquired Source of acquisition Cost, normal purchase price Accession Number Copy number Koha item type
    Reference JRU Library   SHELF-72-C 05/09/2016 PURCHASE 519.00 21042 5 Books
      JRU Library   SHELF-44-J 05/09/2016 PURCHASE 519.00 21043 5 Books
      JRU Library   SHELF-44-J 05/09/2016 PURCHASE 519.00 21044 5 Books
      JRU Library   SHELF-44-J 05/09/2016 PURCHASE 519.00 21045 5 Books
      JRU Library   SHELF-44-J 05/09/2016 PURCHASE 519.00 21046 5 Books